JRの本線 - Statistics

General Stats
  • This quiz has been taken 20 times
  • The average score is 22 of 26
Answer Stats
Hint Answer % Correct
JR東日本 東北
100%
JR東日本・JR東海・JR西日本 東海道
100%
JR西日本 山陰
100%
JR西日本・JR九州 山陽
95%
JR九州 鹿児島
95%
JR九州 長崎
95%
JR北海道 宗谷
89%
JR北海道 函館
89%
JR北海道 室蘭
89%
JR東日本・JR東海 中央
89%
JR東海・JR西日本 高山
89%
JR東海・JR西日本 関西
89%
JR西日本 北陸
89%
JR北海道 根室
84%
JR東日本 奥羽
84%
JR東日本 総武
84%
JR東海・JR西日本 紀勢
84%
JR九州 日豊
84%
JR北海道 釧網
79%
JR東日本 羽越
79%
JR東日本 信越
79%
JR北海道 日高
74%
JR北海道 石北
68%
JR九州 筑豊
68%
JR九州 久大
68%
JR九州 豊肥
63%
No matching quizzes found
Score Distribution
Percent of People with Each Score
Percentile by Number Answered
Your Score History
You have not taken this quiz